1679 1005 1680 1875 1412 1972 1303 1112 1714 1566 1677 1086 1755 1755 1038 1631 1054 1495 1839 1542 1152 1865 1080 1465 1903 1229 1735 1413 1593 1683 1575 1348 1951 1365 1213 1040 1421 1822 1882 1295 1318 1365 1841 1542 1947 1065 1540 1152 1257 1280 1424 1838 1225 1346 1947 1892 1167 1317 1035 1442 1084 1503 1922 1114 1172 1650 1715 1441 1146 1047 1429 1358 1196 1604 1535 1213 1553 1243 1371 1653 1753 1139 1791 1407 1367 1030 1393 1392 1063 1821 1041 1217 1750 1068 1819 1664 1024 1038 1384 BCNSPRNW ULIB Ver.6.0+V

เปลี่ยนเป็นภาษาไทย

Change to English
 แสดงรายละเอียดบรรณานุกรม
  กลับหน้าหลัก

Brief Record : Get Marc (ISO 2709) : E-mail record : QR code < ปิดหน้าต่าง
LEADER : 00000nam 2200000uu 4500
001    13399111829
003     ULIB
008    110627s2551||||th 000 0 tha d
020    9789740438496
090    นว.^bร144ง 2551
100 0  รพีรำไพ
245 00 เงาพิศวาส/^cรพีรำไพ
250    พิมพ์ครั้งที่ 1
260    กรุงเทพฯ :^bพลอยชมพู,^c2551
300    330 หน้า
945    ^p229^l0^i023597
995    ทศพร
999 ^a ใช้งานได้ทุกระบบ
รายการนี้ยังไม่มีแท็ก
คุณยังไม่ได้ล็อกอิน คุณสามารถมีกิจกรรมร่วมกับเว็บไซต์ได้ แต่ต้องล็อกอินก่อน ::
  ล็อกอิน

รายการสื่อสารสนเทศ

ลำดับที่ ประเภท เลขเรียก/บาร์โค้ด สถานที่ สถานะ
- ไม่พบข้อมูล -

BibComment


ยังไม่เคยถูกคอมเมนท์

คอมเมนท์ทรัพยากรรายการนี้
  คอมเมนท์: เงาพิศวาส รพีรำไพ


 Copyright 2026. Bcnsprnw @Library